|
|
|
|
| LEADER |
00000nas a2200000 a 4500 |
| 001 |
ssj0000800502 |
| 003 |
WaSeSS |
| 005 |
20200512172242.0 |
| 006 |
m d |
| 007 |
cr n |
| 008 |
100519c20109999nz ar p s 0 a0eng c |
| 010 |
|
|
|a 2012254637
|
| 016 |
7 |
|
|a 2586656-4
|2 DE-600
|
| 016 |
7 |
|
|a 101700100
|2 DNLM
|
| 022 |
|
|
|a 1179-1527
|l 1179-1527
|
| 035 |
|
|
|a (WaSeSS)ssj0000800502
|
| 040 |
|
|
|a FQM
|b eng
|c FQM
|d HEBIS
|d OCLCQ
|d NZ1
|d NTE
|d CUV
|d CUS
|d OCLCF
|d EUW
|d OCLCQ
|d OCLCO
|d OCLCQ
|d UAB
|d NLM
|d OCLCO
|d WT2
|d OCLCA
|d OCLCQ
|d LND
|d CASUM
|d AU@
|d OCLCQ
|d RDF
|d OCLCQ
|d CNMTR
|d OCLCQ
|d WaSeSS
|
| 042 |
|
|
|a pcc
|
| 050 |
|
4 |
|a RG136
|
| 060 |
0 |
0 |
|a W1
|
| 060 |
|
4 |
|a INTERNET
|
| 082 |
0 |
4 |
|a 613.9405
|2 22
|
| 210 |
1 |
0 |
|a Open Access J Contracept
|2 dnlm
|
| 210 |
1 |
|
|a Open access j. contracept.
|
| 222 |
|
0 |
|a Open access journal of contraception
|
| 245 |
0 |
0 |
|a Open access journal of contraception
|h [electronic resource].
|
| 246 |
3 |
0 |
|a OAJC
|
| 260 |
|
|
|a [Auckland, NZ] :
|b Dove Medical Press,
|c [2010]-
|
| 310 |
|
|
|a Annual
|
| 362 |
1 |
|
|a Began with vol. 1 (2010).
|
| 506 |
|
|
|a License restrictions may limit access.
|
| 515 |
|
|
|a Numbering from PDF article.
|
| 515 |
|
|
|a Articles added to current annual volume in progress.
|
| 588 |
0 |
|
|a Vol. 1 (2010); title from journal home page (Publisher's Web site, viewed May 17, 2010).
|
| 588 |
1 |
|
|a 2017:8 (viewed Mar. 6, 2017).
|
| 650 |
|
0 |
|a Contraception
|v Periodicals.
|
| 650 |
|
7 |
|a Contraception.
|2 fast
|0 (OCoLC)fst00876819
|
| 650 |
1 |
2 |
|a Contraception.
|
| 650 |
1 |
2 |
|a Contraceptive Agents, Female.
|
| 650 |
1 |
2 |
|a Contraceptive Devices.
|
| 650 |
1 |
2 |
|a Reproductive Medicine.
|
| 655 |
|
0 |
|a Electronic journals.
|
| 856 |
4 |
0 |
|z Full text available from Research Library: 01/01/2010 to present
|u https://search.proquest.com/publication/3933325
|